Matemáticas recreativas

Spremljeno u:
Bibliografski detalji
Glavni autor: Holt, Michael (Autor)
Format: Knjiga
Jezik:španjolski
Izdano: Barcelona Martínez Roca 1988
Teme:
Oznake: Dodaj oznaku
Bez oznaka, Budi prvi tko označuje ovaj zapis!

MARC

LEADER 00000nam a2200000 a 4500
001 UCP6018
003 CL-VaPUC
008 991008e19880000SP |||||||||||||||||spa|d
082 0 4 |a 793.74  |b HOL  |2 21 
100 |a Holt, Michael  |e author  |9 434785 
245 1 0 |a Matemáticas recreativas 
300 |a v 
942 |c BK 
945 |d 19991008 00:00:00  |a rbrito 
260 |a Barcelona  |b Martínez Roca  |c 1988 
650 7 |a MATEMATICAS RECREATIVAS  |2 CL-VaPUC  |9 269273 
650 7 |a JUEGOS MATEMATICOS  |2 CL-VaPUC  |9 434786 
650 7 |a PASATIEMPOS  |2 CL-VaPUC  |9 335505 
583 |a last modification  |c 20130924 09:51:07  |k Rodrigo Vera 
999 |c 283652  |d 283650